000 00776nam a2200241Ia 4500
999 _c50877
_d50877
001 17832
003 GE_BSU
005 20200226113627.0
008 181216s2005en xx |||||||||||||| ||eng||
020 _a9780582825116
040 _cGE_BSU
080 _a811.111(076) C-73
245 _aCutting EDGE. New. Pre-Intermediate. Workbook :
_bPre-Intermediate. Workbook /
_cCarr Comyns Jane ; Sarah Cunningham ; Moor Peter.
264 _aEdinburg :
_bPearson Longman,
_c2005.
300 _a112 p.:
_b ill ;
_c28 cm.
653 _aCutting EDGE
653 _aPre-Intermediate. Workbook
653 _aინგლისური ენა
700 _aComyns Carr, Jane
_97462
700 _aSarah, Cunningham,
_97463
700 _a Moor, Peter
_97464
942 _cBK
_2udc